000
00248nam a2200097Ia 4500
001
1215185
005
20250827024546.0
008
250824s9999 xx 000 0 und d
245
0
_a
KONYA MUTFAĞI
_c
DOÇ .DR. YILMAZ SEÇİM
260
_b
KÜLTÜR A.Ş
999
_c
1215185
_d
1215185